[Event "Oceania zt"]
[Site "Gold Coast"]
[Date "1999.04.21"]
[Round "9"]
[White "Smerdon, David"]
[Black "Laird, Craig"]
[Result "1-0"]
[WhiteElo "2173"]
[BlackElo "2300"]
[PlyCount "77"]
[EventDate "1999.04.13"]
[EventType "swiss"]
[EventRounds "9"]
[EventCountry "AUS"]
[SourceTitle "CBM 069 Extra"]
[Source "ChessBase"]
[SourceDate "1999.05.10"]
[SourceVersion "1"]
[SourceVersionDate "1999.05.10"]
[SourceQuality "1"]

1. e4 Nc6 2. Nf3 d6 3. d4 Nf6 4. Nc3 g6 5. Bg5 Bg7 6. Qd2 a6 7. Bh6 0-0 8. Bxg7 Kxg7 9. a4 d5 10. e5 Ne4 11. Qe3 Nb4 12. Bd3 Nxc3 13. bxc3 Nxd3+ 14. cxd3 a5 15. 0-0 Bd7 16. Nh4 Qe8 17. f4 f5 18. e6 Bxa4 19. g4 fxg4 20. f5 Rf6 21. fxg6 hxg6 22. Qg5 Ra6 23. Rxa4 Rxf1+ 24. Kxf1 Qf8+ 25. Kg2 Qf6 26. Qxg4 Qxe6 27. Qxe6 Rxe6 28. Rxa5 Re3 29. Rxd5 Rxd3 30. Rc5 c6 31. Nf3 Kf6 32. Kf2 Rd1 33. Ne5 Kf5 34. Nxc6+ Kf4 35. Nxe7 Rd2+ 36. Ke1 Rxh2 37. Nxg6+ Ke3 38. Kd1 b5 39. Ne5 1-0

[Event "Australian op"]
[Site "Suncoast"]
[Date "1999.01.05"]
[Round "4"]
[White "Lonborg, Morten"]
[Black "Laird, Craig"]
[Result "0-1"]
[WhiteElo "2130"]
[BlackElo "2300"]
[PlyCount "64"]
[EventDate "1999.01.??"]
[EventType "swiss"]
[EventRounds "11"]
[EventCountry "AUS"]
[SourceTitle "CBM 068 Extra"]
[Source "ChessBase"]
[SourceDate "1999.03.01"]
[SourceVersion "1"]
[SourceVersionDate "1999.03.01"]
[SourceQuality "1"]

1. e4 c5 2. Nf3 Nc6 3. d4 cxd4 4. Nxd4 g6 5. c4 Bg7 6. Nc2 Qa5+ 7. Bd2 Qc7 8. Nc3 Nf6 9. Be2 0-0 10. 0-0 b6 11. Rc1 Bb7 12. f4 Na5 13. e5 Ne4 14. Nxe4 Bxe4 15. Bb4 Nc6 16. Ba3 f6 17. exf6 Rxf6 18. Bd3 Bxd3 19. Qxd3 Rxf4 20. Rxf4 Qxf4 21. Rf1 Qc7 22. Qd5+ e6 23. Qf3 d6 24. Nb4 Rf8 25. Qe2 Bd4+ 26. Kh1 Rxf1+ 27. Qxf1 Nxb4 28. Bxb4 Bxb2 29. Qd3 d5 30. Qe2 Qe5 31. Qc2 Qf4 32. Qe2 Be5 0-1

[Event "Noosa op"]
[Site "Noosa"]
[Date "1998.06.14"]
[Round "6"]
[White "Laird, Craig"]
[Black "Myers, John"]
[Result "1-0"]
[WhiteElo "2300"]
[BlackElo "2060"]
[PlyCount "63"]
[EventDate "1998.06.??"]
[EventType "swiss"]
[EventRounds "7"]
[EventCountry "AUS"]
[SourceTitle "EXT 1999"]
[Source "ChessBase"]
[SourceDate "1998.11.16"]
[SourceVersion "1"]
[SourceVersionDate "1998.11.16"]
[SourceQuality "1"]

1. d4 d6 2. Nf3 Bg4 3. c4 Nd7 4. Qb3 Rb8 5. h3 Bxf3 6. Qxf3 g6 7. Nc3 Bg7 8. Qd3 c5 9. e3 Nh6 10. dxc5 Nxc5 11. Qc2 0-0 12. Be2 a6 13. 0-0 Nf5 14. Rb1 Rc8 15. Bd2 e6 16. Rfd1 Qh4 17. Bf1 Be5 18. Be1 Qe7 19. Rbc1 Qc7 20. b3 Rfd8 21. Ne2 Qc6 22. Nd4 Qc7 23. Kh1 Qe7 24. Ba5 Re8 25. Bc3 Qh4 26. Nf3 Qe7 27. Nxe5 dxe5 28. Bxe5 Nd7 29. Bb2 e5 30. Rd5 Qe6 31. Rcd1 Rc7 32. Qd2 1-0

[Event "AUS-ch sf"]
[Site "Brisbane"]
[Date "1995.??.??"]
[Round "6"]
[White "Laird, Craig"]
[Black "Myers, John"]
[Result "1-0"]
[WhiteElo "2315"]
[BlackElo "2055"]
[PlyCount "71"]
[EventDate "1995.??.??"]
[EventType "tourn"]
[EventRounds "11"]
[EventCountry "AUS"]
[SourceTitle "EXT 1997"]
[Source "ChessBase"]
[SourceDate "1996.11.15"]
[SourceVersion "1"]
[SourceVersionDate "1996.11.15"]
[SourceQuality "1"]

1. d4 d6 2. Nf3 Nf6 3. c4 c5 4. g3 cxd4 5. Nxd4 g6 6. Bg2 Bg7 7. Nc3 0-0 8. 0-0 Nbd7 9. b3 Nc5 10. Rb1 a5 11. Re1 Bg4 12. h3 Bd7 13. e4 Qc8 14. Kh2 Ra6 15. Bg5 Re8 16. Nd5 Nxd5 17. exd5 e5 18. dxe6 fxe6 19. Qd2 Kh8 20. Rbd1 Rf8 21. Nb5 d5 22. Be7 Rf5 23. Nd6 Rxd6 24. Bxd6 Qc6 25. Bf4 e5 26. cxd5 Qc8 27. Be3 Rh5 28. h4 b6 29. Kg1 Bh3 30. Bxc5 bxc5 31. Bxh3 Qxh3 32. Qxa5 Bf6 33. Qxc5 Kg7 34. Qc7+ Kh6 35. Qd6 Rf5 36. Re4 1-0

[Event "Gold Coast op"]
[Site "Gold Coast"]
[Date "1995.??.??"]
[Round "4"]
[White "Laird, Craig"]
[Black "Rogers, Catherine"]
[Result "1-0"]
[WhiteElo "2315"]
[BlackElo "2005"]
[PlyCount "89"]
[EventDate "1995.??.??"]
[EventType "swiss"]
[EventRounds "9"]
[EventCountry "AUS"]
[SourceTitle "EXT 2003"]
[Source "ChessBase"]
[SourceDate "2002.11.25"]
[SourceVersion "1"]
[SourceVersionDate "2002.11.25"]
[SourceQuality "1"]

1. e4 e5 2. Nf3 Nc6 3. Bb5 Bc5 4. 0-0 Qf6 5. d3 h6 6. Be3 Bb6 7. Nbd2 Nge7 8. Nc4 0-0 9. Nxb6 axb6 10. c3 d6 11. Nd2 Ng6 12. Re1 Nce7 13. g3 Rd8 14. Qf3 Qxf3 15. Nxf3 Be6 16. Nd2 Nf8 17. f4 f5 18. a3 Nh7 19. Bf2 Ng6 20. fxe5 Nxe5 21. d4 Ng4 22. exf5 Bxf5 23. Re7 c6 24. Bf1 Rd7 25. Rae1 Nxf2 26. Kxf2 Rf8 27. Kg1 d5 28. Nf3 Nf6 29. R1e5 Rxe7 30. Rxe7 Rf7 31. Re5 Be4 32. Nd2 Kf8 33. Bh3 g6 34. c4 g5 35. Nxe4 dxe4 36. Bf5 Re7 37. Rxe7 Kxe7 38. Kf2 Kd6 39. Ke3 b5 40. cxb5 cxb5 41. h3 Kd5 42. b3 h5 43. Bc8 b6 44. Bb7+ Ke6 45. Bxe4 1-0

[Event "AUS-ch sf"]
[Site "Brisbane"]
[Date "1995.??.??"]
[Round "5"]
[White "Meldrum, Andrew"]
[Black "Laird, Craig"]
[Result "1-0"]
[WhiteElo "2120"]
[BlackElo "2315"]
[PlyCount "69"]
[EventDate "1995.??.??"]
[EventType "tourn"]
[EventRounds "11"]
[EventCountry "AUS"]
[SourceTitle "EXT 1997"]
[Source "ChessBase"]
[SourceDate "1996.11.15"]
[SourceVersion "1"]
[SourceVersionDate "1996.11.15"]
[SourceQuality "1"]

1. Nf3 c5 2. e3 g6 3. d4 Bg7 4. Be2 Nf6 5. Nbd2 b6 6. c3 0-0 7. 0-0 Bb7 8. b4 d5 9. bxc5 bxc5 10. Rb1 Qc8 11. Ba3 Nbd7 12. Qa4 Ne4 13. Nxe4 dxe4 14. Nd2 Nb6 15. Qa5 cxd4 16. cxd4 Qe6 17. Nb3 Bd5 18. Nc5 Qf5 19. Rfc1 Bxa2 20. Rb2 Be6 21. Bb5 Rfc8 22. Rbc2 Bf8 23. Ba6 Rc7 24. Bb7 Rxb7 25. Nxb7 Nd5 26. Rc5 Rc8 27. Qxa7 Rxc5 28. Nxc5 h5 29. Nxe6 Qxe6 30. Qa8 Kg7 31. Qd8 Nf6 32. h3 Qd7 33. Qxd7 Nxd7 34. Rc7 Nf6 35. Bxe7 1-0

[Event "AUS-ch op"]
[Site "Melbourne"]
[Date "1993.??.??"]
[Round "2"]
[White "Laird, Craig"]
[Black "Chapman, Mark"]
[Result "1/2-1/2"]
[WhiteElo "2270"]
[BlackElo "2360"]
[PlyCount "110"]
[EventDate "1993.??.??"]
[EventType "swiss"]
[EventRounds "11"]
[EventCountry "AUS"]
[SourceTitle "EXT 1997"]
[Source "ChessBase"]
[SourceDate "1996.11.15"]
[SourceVersion "1"]
[SourceVersionDate "1996.11.15"]
[SourceQuality "1"]

1. d4 Nf6 2. Nf3 g6 3. g3 Bg7 4. Bg2 0-0 5. c4 d6 6. Nc3 Nbd7 7. 0-0 e5 8. Qc2 exd4 9. Nxd4 Re8 10. Rd1 Nc5 11. b3 Ne6 12. Nxe6 fxe6 13. Bg5 Qe7 14. Rd2 Qf7 15. h3 Rf8 16. Rad1 Rb8 17. b4 Bd7 18. c5 Bc6 19. e4 dxc5 20. bxc5 Nd7 21. Nb1 Qe8 22. Rd3 h6 23. Bf4 Rc8 24. Nd2 g5 25. Be3 Ne5 26. Ra3 g4 27. Bf4 Qh5 28. Bxe5 Bxe5 29. hxg4 Qxg4 30. Nc4 Bg7 31. Ne3 Qg5 32. Qc4 Kh8 33. Rxa7 Rcd8 34. Ra3 Rxd1+ 35. Nxd1 Rd8 36. Ne3 Qe5 37. Rd3 Ra8 38. Rd2 Ra5 39. Rd8+ Kh7 40. Qd3 Rxc5 41. f4 Rc1+ 42. Kf2 Qb2+ 43. Qd2 Ra1 44. Qxb2 Bxb2 45. Rd2 Bc3 46. Rc2 Bd4 47. g4 e5 48. fxe5 Kg6 49. e6 Kf6 50. Kf3 Kxe6 51. Rd2 Bc5 52. Nc2 Rc1 53. Kf4 Bb6 54. Nd4+ Bxd4 55. Rxd4 Rc2 1/2-1/2

[Event "AUS-ch op"]
[Site "Melbourne"]
[Date "1993.??.??"]
[Round "9"]
[White "Laird, Craig"]
[Black "Ostrowski, Leszek"]
[Result "0-1"]
[WhiteElo "2270"]
[BlackElo "2340"]
[PlyCount "64"]
[EventDate "1993.??.??"]
[EventType "swiss"]
[EventRounds "11"]
[EventCountry "AUS"]
[SourceTitle "EXT 1997"]
[Source "ChessBase"]
[SourceDate "1996.11.15"]
[SourceVersion "1"]
[SourceVersionDate "1996.11.15"]
[SourceQuality "1"]

1. Nf3 e6 2. d4 f5 3. Nc3 Nf6 4. Bg5 d5 5. Ne5 Be7 6. e3 Nbd7 7. Bf4 0-0 8. h3 Ne4 9. Ne2 c5 10. f3 Nd6 11. c3 Nxe5 12. dxe5 Nc4 13. b3 Na5 14. Bg3 Nc6 15. f4 b5 16. Ng1 Qb6 17. Nf3 d4 18. exd4 cxd4 19. Bf2 Rd8 20. a3 Bc5 21. b4 dxc3 22. Bxc5 Rxd1+ 23. Kxd1 Qb7 24. Kc2 Ne7 25. Nd4 Qe4+ 26. Bd3 Qxg2+ 27. Kxc3 Nd5+ 28. Kb3 Bd7 29. Rac1 Qg3 30. Kc2 Rc8 31. Rhg1 Qxf4 32. Rcf1 Qxd4 0-1

[Event "Australian Masters"]
[Site "Melbourne"]
[Date "1990.??.??"]
[Round "6"]
[White "Kagan, Naum M"]
[Black "Laird, Craig"]
[Result "1/2-1/2"]
[WhiteElo "2325"]
[BlackElo "2315"]
[PlyCount "82"]
[EventDate "1990.??.??"]
[EventType "tourn"]
[EventRounds "9"]
[EventCountry "AUS"]
[EventCategory "4"]
[SourceTitle "EXT 1997"]
[Source "ChessBase"]
[SourceDate "1996.11.15"]
[SourceVersion "1"]
[SourceVersionDate "1996.11.15"]
[SourceQuality "1"]

1. Nf3 c5 2. e3 g6 3. d4 Bg7 4. Bd3 Nf6 5. 0-0 Nc6 6. c3 d6 7. Nbd2 0-0 8. e4 cxd4 9. cxd4 Bd7 10. a3 a5 11. d5 Nb8 12. Rb1 Nh5 13. Re1 a4 14. b4 axb3 15. Nxb3 Na6 16. Be3 b6 17. Bxa6 Rxa6 18. Qc1 Qa8 19. Bd4 Rxa3 20. Bxg7 Kxg7 21. e5 Bf5 22. exd6 exd6 23. Qb2+ Nf6 24. Rbc1 Ra2 25. Qc3 Rc8 26. Qb4 Rb2 27. Rxc8 Qxc8 28. Nfd4 Bc2 29. Qa3 Qc3 30. Rc1 Ne4 31. h3 h5 32. Qa7 Rxb3 33. Ne6+ Kf6 34. Nd8 Rb1 35. Qxf7+ Kg5 36. Ne6+ Kh6 37. Qf8+ Kh7 38. Qf7+ Kh6 39. Qf8+ Kh7 40. Rxb1 Bxb1 41. Qe7+ Kh6 1/2-1/2

[Event "Australian Masters"]
[Site "Melbourne"]
[Date "1990.??.??"]
[Round "7"]
[White "Laird, Craig"]
[Black "Depasquale, Chris"]
[Result "1/2-1/2"]
[WhiteElo "2315"]
[BlackElo "2315"]
[PlyCount "85"]
[EventDate "1990.??.??"]
[EventType "tourn"]
[EventRounds "9"]
[EventCountry "AUS"]
[EventCategory "4"]
[SourceTitle "EXT 1997"]
[Source "ChessBase"]
[SourceDate "1996.11.15"]
[SourceVersion "1"]
[SourceVersionDate "1996.11.15"]
[SourceQuality "1"]

1. d4 Nf6 2. Nf3 c5 3. d5 e6 4. Nc3 exd5 5. Nxd5 Nxd5 6. Qxd5 Nc6 7. Ng5 Qf6 8. Nxh7 Qd4 9. Qxd4 Nxd4 10. c3 Nc2+ 11. Kd1 Nxa1 12. Nxf8 Kxf8 13. Bf4 d5 14. e3 Bf5 15. Kd2 d4 16. Bd3 dxc3+ 17. Kxc3 Bxd3 18. Kxd3 Ke7 19. Rxa1 Rhd8+ 20. Ke2 Rac8 21. h4 b5 22. g4 c4 23. Be5 b4 24. Bxg7 Rg8 25. Bh6 Rxg4 26. Bf4 Ke6 27. h5 Rh4 28. h6 c3 29. Rc1 cxb2 30. Rb1 Rc2+ 31. Kd3 Rc3+ 32. Kd4 a5 33. Rxb2 Rh1 34. Ke4 f6 35. Rd2 a4 36. Rd6+ Kf7 37. Rd7+ Ke6 38. Rb7 f5+ 39. Kf3 b3 40. axb3 Rxb3 41. Ra7 a3 42. Kg2 Rh5 43. Kf3 1/2-1/2

[Event "Sydney"]
[Site "Sydney"]
[Date "1990.??.??"]
[Round "5"]
[White "Laird, Craig"]
[Black "Dive, Russell John"]
[Result "0-1"]
[WhiteElo "2315"]
[BlackElo "2255"]
[PlyCount "98"]
[EventDate "1990.??.??"]
[EventType "tourn"]
[EventRounds "9"]
[EventCountry "AUS"]
[EventCategory "6"]
[SourceTitle "CBM 020"]
[Source "ChessBase"]
[SourceDate "1991.02.01"]
[SourceVersion "1"]
[SourceVersionDate "1991.02.01"]
[SourceQuality "1"]

1. d4 Nf6 2. Nf3 c5 3. d5 b5 4. Bg5 Ne4 5. Bf4 Qa5+ 6. c3 d6 7. a4 a6 8. Nbd2 Nxd2 9. Nxd2 bxa4 10. Rxa4 Qc7 11. e4 g6 12. Bb5+ Bd7 13. Bxd7+ Nxd7 14. Qa1 Qb7 15. Nc4 Nb6 16. Ra5 Bg7 17. Nxb6 Qxb6 18. Qa4+ Kf8 19. 0-0 h6 20. Qc6 Rb8 21. Rxa6 Qxb2 22. e5 Bxe5 23. Bxe5 dxe5 24. d6 Qb7 25. dxe7+ Qxe7 26. f4 exf4 27. Ra4 Qe3+ 28. Kh1 Kg7 29. Re4 Qf2 30. Ree1 Rhe8 31. Rc1 Qe3 32. h4 Qg3 33. Qxc5 Qxh4+ 34. Kg1 Qf6 35. Rce1 Rxe1 36. Rxe1 Qb6 37. Qxb6 Rxb6 38. Kf2 Rc6 39. Rc1 Kf6 40. Ke2 Ke5 41. Kd3 h5 42. c4 g5 43. Re1+ Kf5 44. Kd4 Rd6+ 45. Kc3 Kg4 46. c5 Rg6 47. Rd1 Kg3 48. Rd6 Rg8 49. Rd2 g4 0-1

[Event "Sydney"]
[Site "Sydney"]
[Date "1990.??.??"]
[Round "6"]
[White "Laird, Craig"]
[Black "Gedevanishvili, Dmitry"]
[Result "1/2-1/2"]
[WhiteElo "2315"]
[BlackElo "2420"]
[PlyCount "116"]
[EventDate "1990.??.??"]
[EventType "tourn"]
[EventRounds "9"]
[EventCountry "AUS"]
[EventCategory "6"]
[SourceTitle "CBM 020"]
[Source "ChessBase"]
[SourceDate "1991.02.01"]
[SourceVersion "1"]
[SourceVersionDate "1991.02.01"]
[SourceQuality "1"]

1. d4 Nf6 2. Nf3 b6 3. Nc3 Bb7 4. Bg5 e6 5. e4 h6 6. Bxf6 Qxf6 7. Bd3 g6 8. h4 Bg7 9. e5 Qe7 10. Qe2 d6 11. 0-0-0 Nd7 12. Nb5 0-0 13. h5 a6 14. Nxc7 Ra7 15. Nxa6 dxe5 16. Nxe5 Nxe5 17. dxe5 Rfa8 18. hxg6 Bxa6 19. gxf7+ Qxf7 20. a3 Bxd3 21. Rxd3 Ra5 22. Re3 Rf8 23. Rf1 Qf5 24. f4 Rxe5 25. Rxe5 Bxe5 26. g3 Bg7 27. Re1 Re8 28. Qc4 b5 29. Qc6 Kf7 30. Rd1 Re7 31. Kb1 Qg4 32. Rd3 b4 33. axb4 Qe2 34. Qh1 Rc7 35. Qd1 Qxd1+ 36. Rxd1 Kf6 37. c3 Kf5 38. Kc2 Kg4 39. Rd3 h5 40. Re3 Rc6 41. b5 Rb6 42. c4 Bd4 43. Re4 Rd6 44. b4 Kf3 45. Re1 Kxg3 46. c5 Rd8 47. b6 h4 48. Rxe6 h3 49. Rg6+ Kxf4 50. Rh6 Kg4 51. Rg6+ Kh5 52. Rg3 Kh4 53. Rg6 Rh8 54. b7 h2 55. Rh6+ Rxh6 56. b8Q h1Q 57. Qf4+ Kh5 58. Qf5+ Kh4 1/2-1/2

[Event "AUS-ch"]
[Site "Sydney"]
[Date "1990.??.??"]
[Round "5"]
[White "Laird, Craig"]
[Black "Johansen, Darryl Keith"]
[Result "1/2-1/2"]
[WhiteElo "2297"]
[BlackElo "2453"]
[PlyCount "77"]
[EventDate "1990.01.??"]
[EventType "swiss"]
[EventRounds "11"]
[EventCountry "AUS"]
[SourceTitle "EXT 2011"]
[Source "ChessBase"]
[SourceDate "2010.11.26"]
[SourceVersion "1"]
[SourceVersionDate "2010.11.26"]
[SourceQuality "1"]

1. Nf3 Nf6 2. c4 g6 3. Nc3 Bg7 4. g3 0-0 5. Bg2 d6 6. d4 Nc6 7. 0-0 a6 8. Qc2 Rb8 9. Rd1 Bd7 10. e4 b5 11. d5 Na5 12. cxb5 axb5 13. Nd4 b4 14. Nce2 Qc8 15. Bf4 c5 16. dxc6 Nxc6 17. Nxc6 Qxc6 18. Qxc6 Bxc6 19. e5 dxe5 20. Bxe5 Bxg2 21. Kxg2 Rb5 22. f4 Nd5 23. Bxg7 Kxg7 24. Rd3 e6 25. a4 bxa3 26. bxa3 Rb2 27. Kf3 Rc8 28. Rc1 Rxc1 29. Nxc1 Rxh2 30. Ne2 Rh1 31. Nc3 Nb6 32. Nd1 Rh5 33. Rb3 Nc4 34. Rc3 Nd2+ 35. Ke3 Rh2 36. Rd3 Nc4+ 37. Kd4 Nb6 38. Ne3 Na4 39. Rb3 1/2-1/2

[Event "AUS-ch"]
[Site "Sydney"]
[Date "1990.??.??"]
[Round "1"]
[White "Laird, Craig"]
[Black "Jones, Brian"]
[Result "1-0"]
[WhiteElo "2297"]
[BlackElo "2087"]
[PlyCount "81"]
[EventDate "1990.01.??"]
[EventType "swiss"]
[EventRounds "11"]
[EventCountry "AUS"]
[SourceTitle "EXT 2011"]
[Source "ChessBase"]
[SourceDate "2010.11.26"]
[SourceVersion "1"]
[SourceVersionDate "2010.11.26"]
[SourceQuality "1"]

1. e4 d5 2. exd5 Nf6 3. d4 e6 4. dxe6 Bxe6 5. Nf3 Nc6 6. Bg5 h6 7. Be3 Nd5 8. c4 Nxe3 9. fxe3 Bb4+ 10. Nbd2 Qe7 11. a3 Bxd2+ 12. Qxd2 Bg4 13. Be2 0-0-0 14. Kf2 f5 15. Rhe1 Rhe8 16. Qc3 f4 17. exf4 Bxf3 18. Bxf3 Qh4+ 19. g3 Qxh2+ 20. Bg2 g5 21. Rxe8 Rxe8 22. Re1 Rxe1 23. Qxe1 gxf4 24. Qe6+ Kd8 25. Qd5+ Ke8 26. Qe4+ Ne7 27. Qxf4 Kd7 28. Qg4+ Ke8 29. d5 b6 30. b4 Kf7 31. Qf4+ Kg6 32. Qxc7 Nf5 33. Qf4 h5 34. d6 h4 35. d7 hxg3+ 36. Kf1 Qh8 37. Be4 Qa1+ 38. Kg2 Qb2+ 39. Kf3 Qf2+ 40. Kg4 Qe2+ 41. Qf3 1-0

[Event "AUS-ch"]
[Site "Sydney"]
[Date "1990.??.??"]
[Round "9"]
[White "Laird, Craig"]
[Black "Kagan, Naum M"]
[Result "1-0"]
[WhiteElo "2297"]
[BlackElo "2213"]
[PlyCount "97"]
[EventDate "1990.01.??"]
[EventType "swiss"]
[EventRounds "11"]
[EventCountry "AUS"]
[SourceTitle "EXT 2011"]
[Source "ChessBase"]
[SourceDate "2010.11.26"]
[SourceVersion "1"]
[SourceVersionDate "2010.11.26"]
[SourceQuality "1"]

1. d4 Nf6 2. Nf3 e6 3. g3 b6 4. Bg2 Bb7 5. c4 Bb4+ 6. Nc3 0-0 7. 0-0 Bxc3 8. bxc3 d6 9. a4 a5 10. Ba3 Nbd7 11. Nd2 Bxg2 12. Kxg2 e5 13. e4 Re8 14. Qc2 Nh5 15. Rae1 Re6 16. Bc1 Rg6 17. Kh1 Ndf6 18. Nf3 Qe8 19. Nh4 Rg4 20. f3 Rxh4 21. gxh4 Qe6 22. d5 Qh3 23. Qg2 Qd7 24. Rg1 Qxa4 25. Bg5 g6 26. Bxf6 Nxf6 27. Qg5 Kg7 28. h5 h6 29. Qf5 Qe8 30. f4 Nd7 31. hxg6 f6 32. Re3 exf4 33. Rh3 Nc5 34. Rxh6 Qxe4+ 35. Qxe4 Nxe4 36. Rh7+ Kg8 37. Re7 f5 38. Kg2 a4 39. Kf3 a3 40. Kxf4 a2 41. Ra1 b5 42. Kxf5 Nxc3 43. cxb5 Nxb5 44. Kg5 Nd4 45. Kf6 Rf8+ 46. Rf7 Ra8 47. g7 c6 48. Rxa2 Re8 49. Rf8+ 1-0

[Event "Sydney"]
[Site "Sydney"]
[Date "1990.??.??"]
[Round "2"]
[White "Martin, Benjamin"]
[Black "Laird, Craig"]
[Result "1-0"]
[WhiteElo "2270"]
[BlackElo "2315"]
[PlyCount "91"]
[EventDate "1990.??.??"]
[EventType "tourn"]
[EventRounds "9"]
[EventCountry "AUS"]
[EventCategory "6"]
[SourceTitle "CBM 020"]
[Source "ChessBase"]
[SourceDate "1991.02.01"]
[SourceVersion "1"]
[SourceVersionDate "1991.02.01"]
[SourceQuality "1"]

1. d4 Nf6 2. c4 c6 3. Nc3 d5 4. Nf3 g6 5. e3 Bg7 6. Be2 0-0 7. 0-0 Bg4 8. h3 Bxf3 9. Bxf3 dxc4 10. Qe2 Nbd7 11. Qxc4 e5 12. Rd1 exd4 13. exd4 Nb6 14. Qc5 Nfd5 15. Ne4 Re8 16. Bd2 h6 17. Rac1 Qh4 18. Re1 Rad8 19. Rcd1 Nf4 20. g3 Nxh3+ 21. Kg2 Qe7 22. Qxe7 Rxe7 23. Kxh3 Rxd4 24. Nc5 Rxe1 25. Bxe1 Rxd1 26. Bxd1 Bxb2 27. Nxb7 Kg7 28. Bb4 Bd4 29. Kg2 Kf6 30. Kf3 Nd7 31. Bb3 c5 32. Bd2 c4 33. Bc2 h5 34. Be3 Ke5 35. Nd8 Bxe3 36. Kxe3 f5 37. Nc6+ Kd5 38. Ne7+ Ke6 39. Nxg6 Nf6 40. Kd4 Ng4 41. Nf4+ Kf6 42. Nxh5+ Kg5 43. Ng7 Nxf2 44. Nxf5 Nd3 45. Bxd3 cxd3 46. Ne3 1-0

[Event "AUS-ch"]
[Site "Sydney"]
[Date "1990.??.??"]
[Round "10"]
[White "West, Guy"]
[Black "Laird, Craig"]
[Result "1-0"]
[WhiteElo "2344"]
[BlackElo "2297"]
[PlyCount "61"]
[EventDate "1990.01.??"]
[EventType "swiss"]
[EventRounds "11"]
[EventCountry "AUS"]
[SourceTitle "EXT 2011"]
[Source "ChessBase"]
[SourceDate "2010.11.26"]
[SourceVersion "1"]
[SourceVersionDate "2010.11.26"]
[SourceQuality "1"]

1. e4 c5 2. b3 e6 3. Bb2 d5 4. exd5 exd5 5. Nf3 Nc6 6. Bb5 Nf6 7. 0-0 Be7 8. Ne5 Qc7 9. Re1 Be6 10. Nxc6 bxc6 11. Be2 h5 12. Bf3 Ng4 13. g3 d4 14. d3 Nxh2 15. Kxh2 h4 16. Rh1 Bd6 17. Kg1 Bxg3 18. Nd2 0-0-0 19. fxg3 Qxg3+ 20. Kf1 Rd5 21. Ne4 Bh3+ 22. Ke2 Re5 23. Qg1 f5 24. Qxg3 hxg3 25. Kd2 fxe4 26. Bg4+ Kc7 27. dxe4 Rf8 28. Rxh3 Rf2+ 29. Kd3 g2 30. Rg3 Rg5 31. Rg1 1-0

[Event "Australian Masters"]
[Site "Melbourne"]
[Date "1990.??.??"]
[Round "5"]
[White "West, Guy"]
[Black "Laird, Craig"]
[Result "1-0"]
[WhiteElo "2330"]
[BlackElo "2315"]
[PlyCount "89"]
[EventDate "1990.??.??"]
[EventType "tourn"]
[EventRounds "9"]
[EventCountry "AUS"]
[EventCategory "4"]
[SourceTitle "EXT 1997"]
[Source "ChessBase"]
[SourceDate "1996.11.15"]
[SourceVersion "1"]
[SourceVersionDate "1996.11.15"]
[SourceQuality "1"]

1. d4 Nf6 2. Nf3 c6 3. Bf4 d5 4. e3 g6 5. Bd3 Bg7 6. 0-0 0-0 7. Nbd2 c5 8. c3 Nc6 9. h3 b6 10. a3 Bb7 11. b4 Nd7 12. Bh2 cxd4 13. cxd4 Re8 14. Rc1 a6 15. Be2 Nf6 16. Qb3 Ne4 17. Rc2 Nxd2 18. Rxd2 Rc8 19. Rc2 e5 20. dxe5 Nxe5 21. Nxe5 Rxc2 22. Qxc2 Bxe5 23. Bxe5 Rxe5 24. Rd1 Re7 25. Qd2 Rd7 26. Qd4 h5 27. g3 Rd6 28. h4 Qf6 29. Qxf6 Rxf6 30. Rc1 b5 31. Rc7 Rb6 32. Kf1 Kg7 33. Bd1 Ba8 34. Ke2 Rc6 35. Ra7 Rc8 36. Kd3 d4 37. exd4 Bd5 38. Rxa6 Rc1 39. Kd2 Ra1 40. Be2 Ra2+ 41. Ke3 Bc4 42. Bxc4 bxc4 43. a4 Kf8 44. a5 Ke7 45. Rc6 1-0

[Event "AUS-ch"]
[Site "Gosford"]
[Date "1988.01.09"]
[Round "11.11"]
[White "Laird, Craig"]
[Black "Bolens, Johnny"]
[Result "1-0"]
[WhiteElo "2367"]
[BlackElo "2048"]
[PlyCount "43"]
[EventDate "1987.??.??"]
[EventType "swiss"]
[EventRounds "13"]
[EventCountry "AUS"]
[SourceTitle "EXT 2003"]
[Source "ChessBase"]
[SourceDate "2002.11.25"]
[SourceVersion "1"]
[SourceVersionDate "2002.11.25"]
[SourceQuality "1"]

1. e4 e5 2. Bc4 c5 3. f4 d6 4. Nf3 Nc6 5. 0-0 h6 6. fxe5 dxe5 7. Bxf7+ Kxf7 8. Nxe5+ Ke6 9. Ng6 Nf6 10. Nxh8 Ne5 11. c3 c4 12. d4 cxd3 13. Qb3+ Ke7 14. Bf4 Nfg4 15. Bxe5 Nxe5 16. Qb4+ Kd7 17. Rxf8 Qg5 18. Nd2 Qxd2 19. Qd4+ Kc6 20. Qxe5 Bh3 21. Rf2 Qe3 22. Nf7 1-0

[Event "AUS-ch"]
[Site "Gosford"]
[Date "1988.01.06"]
[Round "9.5"]
[White "Ginat, Michael"]
[Black "Laird, Craig"]
[Result "1-0"]
[WhiteElo "2192"]
[BlackElo "2367"]
[PlyCount "65"]
[EventDate "1987.??.??"]
[EventType "swiss"]
[EventRounds "13"]
[EventCountry "AUS"]
[SourceTitle "EXT 2003"]
[Source "ChessBase"]
[SourceDate "2002.11.25"]
[SourceVersion "1"]
[SourceVersionDate "2002.11.25"]
[SourceQuality "1"]

1. d4 d5 2. c4 dxc4 3. Nc3 a6 4. e4 Nc6 5. d5 Na5 6. Qa4+ c6 7. b4 cxb3 8. axb3 e6 9. Bd2 b6 10. b4 Bxb4 11. Qxb4 exd5 12. exd5 cxd5 13. Nf3 Ne7 14. Bd3 Nec6 15. Qf4 Qe7+ 16. Ne2 Be6 17. 0-0 Nc4 18. Bc3 0-0 19. Rfe1 b5 20. Ned4 Nxd4 21. Qxd4 Qf6 22. Qxf6 gxf6 23. Bxf6 Rfc8 24. Ng5 Rc6 25. Bd4 h6 26. Nxe6 fxe6 27. f4 Rf8 28. f5 exf5 29. Re7 Rf7 30. Re8+ Kh7 31. Rf1 h5 32. Bxf5+ Kh6 33. h4 1-0

[Event "AUS-ch"]
[Site "Gosford"]
[Date "1988.01.04"]
[Round "7.4"]
[White "Simpson, James"]
[Black "Laird, Craig"]
[Result "0-1"]
[WhiteElo "2288"]
[BlackElo "2367"]
[PlyCount "74"]
[EventDate "1987.??.??"]
[EventType "swiss"]
[EventRounds "13"]
[EventCountry "AUS"]
[SourceTitle "EXT 2003"]
[Source "ChessBase"]
[SourceDate "2002.11.25"]
[SourceVersion "1"]
[SourceVersionDate "2002.11.25"]
[SourceQuality "1"]

1. d4 d5 2. Nf3 Nf6 3. c4 c6 4. Nc3 g6 5. e3 Bg7 6. Bd3 0-0 7. 0-0 Re8 8. Ne5 Be6 9. Qe2 Nbd7 10. Nxd7 Qxd7 11. b3 Bf5 12. Bb2 Bxd3 13. Qxd3 Rad8 14. Rfd1 Qc7 15. cxd5 cxd5 16. Rac1 Ng4 17. f4 Qd7 18. Rc2 Qe6 19. Re2 Rc8 20. h3 Nf6 21. Rc1 Rc6 22. Nd1 Rec8 23. Rec2 Bh6 24. Rxc6 Rxc6 25. Rxc6 Qxc6 26. Qc3 Qa6 27. Qc8+ Kg7 28. Qc2 g5 29. fxg5 Bxg5 30. Bc1 Ne4 31. Nf2 Ng3 32. Nd3 h5 33. Qf2 h4 34. Nc5 Qg6 35. Kh2 b6 36. Nd7 Qd6 37. Ne5 f6 0-1